| 000 | | | 04417nac2a22003013x 450 |
| 001 | | | ab49ba58-7e2f-4fac-9334-9eae307e2cda |
| 005 | | | 20210716115525.0 |
| 100 | ## | $a | 20210612l19351935k y0rusy50 ca |
| 101 | 0# | $a | rus |
| 102 | ## | $a | RU |
| 105 | ## | $a | y z ||||| |
| 122 | 2# | $a | d19350131 |
| | $a | d19350228 |
| 122 | 2# | $a | d193501 |
| | $a | d193502 |
| 200 | 1# | $a | Доклад т. Енукидзе по конституционным вопросам на VII Съезде Советов СССР |
| | $j | Январь - февраль 1935 |
| 215 | ## | $a | 61 лист |
| 251 | ## | $c | Дело |
| 300 | ## | $a | Заголовок дела на папке: Доклад Енукидзе А. С. по конституционным вопросам на 7-м Съезде Советов ЦИК Союза ССР. Январь-февраль 1935 года |
| 300 | ## | $a | Машинописный текст с рукописными пометками |
| 330 | ## | $a | Входит в раздел описи: VII-й Съезд Советов |
| 461 | #0 | $1 | 001796d4672-8a00-4986-b488-6e42273792cc |
| | $1 | 2001 |
| | $a | ЦЕНТРАЛЬНЫЙ ИСПОЛНИТЕЛЬНЫЙ КОМИТЕТ СССР (ЦИК СССР) |
| | $1 | 251 |
| | $c | Фонд |
| | $1 | 852 |
| | $j | 3316 |
| | $g | Р |
| 462 | #0 | $1 | 0012246e4af-064a-4b66-b386-cae0ddb7fb2d |
| | $1 | 2001 |
| | $a | Дела 7-го Съезда Советов и 1-й, 2-й, 3-й, 4-й Сессий 7-го созыва. 1935-1937 гг. |
| | $v | Д. 7 |
| | $1 | 251 |
| | $c | Опись |
| | $1 | 852 |
| | $j | 7 |
| 517 | 1# | $a | Доклад Енукидзе А. С. по конституционным вопросам на 7-м Съезде Советов ЦИК Союза ССР. Январь-февраль 1935 года |
| 600 | #1 | $a | Енукидзе |
| | $b | А. С. |
| 601 | 01 | $3 | RU\NLR\AUTH\880357276 |
| | $a | СССР |
| | $b | ЦИК |
| 601 | 1| | $3 | RU\NLR\AUTH\661048804 |
| | $a | СССР. Съезд советов 7-й |
| 801 | #0 | $a | RU |
| | $b | GA_RF |
| 801 | #1 | $a | RU |
| | $b | ГлавНИВЦ |
| | $c | 20210612 |
| | $2 | rusmarc |
| 801 | #2 | $a | RU |
| | $b | ПБ им. Б.Н. Ельцина |
| | $c | 20210716 |
| | $g | RCR |
| | $2 | rusmarc |
| 852 | ## | $a | ГА РФ |
| | $j | 7 |
| 937 | ## | $d | 166248088 |
| | $h | ГАРФ |
| 035 | ## | $a | RuPRLIB51060468 |
| 856 | ## | $u | http://readingroom.main.prlib.ru/item.aspx?id_node=n166248088&mode=full |